Formula One - Number to Driver (2026) - Statistics

General Stats
  • This quiz has been taken 32 times
  • The average score is 19 of 22
Answer Stats
Hint Answer % Correct
1 Lando Norris
100%
16 Charles Leclerc
96%
44 Lewis Hamilton
96%
3 Max Verstappen
96%
87 Oliver Bearman
96%
81 Oscar Piastri
96%
12 Andrea Kimi Antonelli
92%
55 Carlos Sainz
92%
14 Fernando Alonso
92%
63 George Russel
92%
18 Lance Stroll
92%
31 Esteban Ocon
88%
27 Nico Hulkenberg
88%
77 Valterri Bottas
88%
23 Alexander Albon
84%
6 Isack Hadjar
84%
10 Pierre Gasly
84%
11 Sergio Perez
84%
30 Liam Lawson
80%
43 Franco Colapinto
76%
41 Arvid Lindblad
72%
5 Gabriel Bortoleto
72%
No matching quizzes found
Score Distribution
Percent of People with Each Score
Percentile by Number Answered
Your Score History
You have not taken this quiz